00530nam a2200205 u 450000100100000000500170001000800410002702000180006804100090008604300120009524500600010725000120016726000350017930000110021449000150022565000180024065000220025865000230028070000210030300004185620200120222400.0101102s2007 sp er 000 j spa d a97884968222830 a-spa ae-uk-en00aComedias de Shakespeare /cJesús Ferrero ...[et al.]. a1a. ed. aMadrid :b451 Editores,c2007. a212 p. 0a451.Re:v614aCuento adulto24aLiteratura adulto24aLiteratura inglesa1 aFerrero, Jesús